| 000 | 00830nam a22002417a 4500 | ||
|---|---|---|---|
| 001 | 1538 | ||
| 003 | BD-RjUL | ||
| 005 | 20211208233344.0 | ||
| 008 | 131208b1956 nyu||||| |||| 00| 0 eng d | ||
| 035 | _a(BD-RjUL)1563 | ||
| 040 |
_aBD-RjUL _beng _cBD-RjUL _dBD-RjUL |
||
| 041 | _aeng | ||
| 082 |
_222 _a011.62 _bCHI 1956 |
||
| 245 |
_aChildren's catalog : _ba dictionary catalog of 3204 books recommended for public and school libraries with an author, title and subject index / _ccompiled by Marion L. McConnell, Dorothy Herbert West. |
||
| 260 |
_aNew York : _bH.W. Wilson, _c1956 |
||
| 300 |
_axii, 852 p. _c25 cm. |
||
| 504 | _aIncludes Index | ||
| 650 |
_aChildren's literature. _95081 |
||
| 650 |
_aBibliography. _95082 |
||
| 700 |
_aMcConnell, Marion L. _95061 |
||
| 700 |
_aHerbert West,Dorothy _95083 |
||
| 942 |
_2ddc _cBK |
||
| 999 |
_c1538 _d1538 |
||